000 00911nam a2200277Ia 4500
003 OSt
005 20220918171301.0
006 a|||||r|||| 00| 0
007 ta
008 220917b |||||||| |||| 00| 0 eng d
020 _a9781462522545 (hbk)
_cUSD 85.00
024 _a317,508
037 _b8009, 10/03/2017, Efficient Book Distributors
_cTextual
040 _aARTS
_cARTS
_beng
041 _2eng
_aeng
082 _aL, Q6
100 _aSchwartz Mark S. Ed.
_935398
245 0 _aBiofeedback
_b a practitioner's guide
260 _aNew York
_bGuilford press US
_c2016
300 _axx,764p.
_ccm.
490 _aBiosychosocial assessement in clinical health psychology
650 _aMEDICINE
_94387
700 _a Andrasik Frank Ed.
_935399
942 _hL, Q6
_cTEXL
_2CC
999 _c138781
_d138781